000 00422nam a2200169 4500
005 20260120145059.0
008 260120b |||||||| |||| 00| 0 eng d
020 _a978-0-143-33362-3
041 _aEnglish
082 _aX 823 MUR
100 _aMurty, Sudha
245 _aGarandma's Bag of Stories
260 _aNew Delhi
_bPuffin Books
_c2025
300 _aviii,178p
_bpb
365 _aRupaye
_b167
_cINR
942 _cBK
999 _c369922
_d369922